Bylinkové pohádky /
Pohádky ze světa princů, víl, čarodějnic a kouzelných babiček, kde to voní bylinkami.
Uloženo v:
| Hlavní autor: | |
|---|---|
| Další autoři: | , , |
| Médium: | E-audiokniha |
| Jazyk: | Czech |
| Vydáno: |
[Brno] :
CPress,
[2019]
|
| Témata: | |
| Tagy: |
Žádné tagy |
| LEADER | 03430nim a2200793 i 4500 | ||
|---|---|---|---|
| 001 | 313013 | ||
| 003 | CZ PrSKC | ||
| 005 | 20260601215733.0 | ||
| 007 | sd fungnnmmned | ||
| 008 | 190910t20192019xr nnnng z n cze | ||
| 015 | |a cnb003132334 | ||
| 024 | 3 | |a 8594050428034 | |
| 040 | |a ABA001 |b cze |e rda | ||
| 072 | 7 | |a 821.162.3-3 |x Česká próza |2 Konspekt | |
| 072 | 7 | |a 821-93 |x Literatura pro děti a mládež (beletrie) |2 Konspekt | |
| 080 | |a 821.162.3-34 |2 MRF | ||
| 080 | |a (0:82-34) |2 MRF | ||
| 080 | |a (086.7.053.2) |2 MRF | ||
| 080 | |a (086.7)08 |2 MRF | ||
| 080 | |a (086.76) |2 MRF | ||
| 100 | 1 | |a Burešová, Jana |7 xx0223719 |4 aut | |
| 245 | 1 | 0 | |a Bylinkové pohádky / |c Jana Burešová |
| 264 | 1 | |a [Brno] : |b CPress, |c [2019] | |
| 264 | 4 | |c ©2019 | |
| 300 | |a 1 audiodisk (1 hod., 48 min.) ; |c 12 cm | ||
| 306 | |a 014800 | ||
| 336 | |a mluvené slovo |b spw |2 rdacontent | ||
| 337 | |a audio |b s |2 rdamedia | ||
| 338 | |a audiodisk |b sd |2 rdacarrier | ||
| 344 | |a digital |b optical |2 rda | ||
| 347 | |a audio soubor |b MP3 |2 rda | ||
| 500 | |a Název z disku | ||
| 500 | |a Copyright Albatros Media | ||
| 500 | |a Nezkrácená audiokniha ve formátu MP3 | ||
| 508 | |a Režie Jindřiška Nováková, Daniel Tůma | ||
| 511 | 0 | |a Čte Jitka Schneiderová | |
| 518 | |o Nahráno |d květen 2019 |p zvukové studio DAMU, Praha | ||
| 520 | 2 | |a Pohádky ze světa princů, víl, čarodějnic a kouzelných babiček, kde to voní bylinkami. |b Osmnáct pohádek v podání známé herečky, kde v každé pohádce je představeno po jedné bylince. | |
| 521 | 8 | |a Pro posluchače od 5 let | |
| 655 | 7 | |a české pohádky |7 fd133970 |2 czenas | |
| 655 | 7 | |a zvukové záznamy pro děti a mládež |7 fd186726 |2 czenas | |
| 655 | 7 | |a audioknihy |7 fd119452 |2 czenas | |
| 655 | 7 | |a kompaktní disky |7 fd201991 |2 czenas | |
| 700 | 1 | |a Nováková, Jindřiška, |d 1954- |7 jn20010601354 |4 drt | |
| 700 | 1 | |a Tůma, Daniel, |d 1978- |7 xx0131764 |4 drt | |
| 700 | 1 | |a Schneiderová, Jitka, |d 1973- |7 xx0054079 |4 nrt | |
| 900 | |a ABA001 |b 18 | ||
| 044 | |a xr | ||
| 505 | 0 | 0 | |t Princezna Melisa (4 min., 22 sek.) |
| 505 | 0 | 0 | |t Saty utkane z kopriv (4 min., 46 sek.) |
| 505 | 0 | 0 | |t Vysvobozena princezna (5 min., 43 sek.) |
| 505 | 0 | 0 | |t Jak nasel Tomas poklad (5 min., 45 sek.) |
| 505 | 0 | 0 | |t Jak truhla prinesla stesti (6 min., 43 sek.) |
| 505 | 0 | 0 | |t Moudry kral (5 min., 11 sek.) |
| 505 | 0 | 0 | |t Jak starenka pomohla panu krali (7 min., 13 sek.) |
| 505 | 0 | 0 | |t Drakova nevesta (6 min., 34 sek.) |
| 505 | 0 | 0 | |t Kralovstvi plne mysi (7 min., 38 sek.) |
| 505 | 0 | 0 | |t Jak vila ke stesti pomohla (5 min., 51 sek.) |
| 505 | 0 | 0 | |t Skritek Netresk (6 min., 29 sek.) |
| 505 | 0 | 0 | |t Jak se stal Frantisek kralovym radcem (6 min., 17 sek.) |
| 505 | 0 | 0 | |t Jak v kralovstvi prekazili kouzlo zle carodejnice (5 min., 25 sek.) |
| 505 | 0 | 0 | |t Jak princezna Blanka ztratila hlas (4 min., 45 sek.) |
| 505 | 0 | 0 | |t Jak se princ Vaclav naucil vladarskym povinnostem (7 min., 33 sek.) |
| 505 | 0 | 0 | |t Vila Rozmaryna (5 min., 3 sek.) |
| 505 | 0 | 0 | |t Nejkrasnejsi saty (6 min., 53 sek.) |
| 505 | 0 | 0 | |t Kralovna Pampeliska (6 min., 19 sek.) |
| 910 | |a RBIT002 | ||
| 998 | |d 206616 |a https://core.palmknihy.cz/api/books/206616/cover?she801 |b https://core.palmknihy.cz/api/books/206616/cover/400?she801 |c https://core.palmknihy.cz/api/books/206616/cover/50?she801 |e 2050-12-31 |i 8594050428034 |l 6480 |q 49 |r 1 |s https://www.palmknihy.cz/kniha/206616 |t audiobook |y 2019 |z 0 | ||
| 999 | |d 313011 | ||